| 000 | 00468nam a2200157 a 4500 | ||
|---|---|---|---|
| 001 | 000027274 | ||
| 005 | 20240322181140.0 | ||
| 008 | 110331s1971 dr 000 0 spa d | ||
| 040 |
_aDO-SdBNP _bspa _cBNPHU |
||
| 082 |
_axxxx _bN789c |
||
| 100 | 1 |
_aNolasco, Flérida de, _d1891-1976 _935151 |
|
| 245 | 1 | 0 | _aClamor de justicia en la Española 1502-1795. |
| 260 |
_aSanto Domingo : _bEditora del Caribe, _c1971. |
||
| 300 | _a234 p. | ||
| 504 | _aBibliografía : p. 231-234 | ||
| 999 |
_c26766 _d26766 |
||